Central Library OPAC University of Rajshahi

يوسف و زليخا : Yūsuf Zulaykhā / (Record no. 83121)

MARC details
000 -LEADER
fixed length control field 00619nam a2200205 i 4500
001 - CONTROL NUMBER
control field 83121
003 - CONTROL NUMBER IDENTIFIER
rucl marc code BD-RjUL
005 - DATE AND TIME OF LATEST TRANSACTION
control field 20240220121804.0
008 - FIXED-LENGTH DATA ELEMENTS--GENERAL INFORMATION
fixed length control field 240220s1962 ir a a 001 0 per |
035 ## - SYSTEM CONTROL NUMBER
System control number (BD-RjUL)83121
040 ## - CATALOGING SOURCE
Original cataloging agency HAI
Language of cataloging ara
Description conventions rda
Transcribing agency BD-RjUL
041 0# - LANGUAGE CODE
Language code of text/sound track or separate title per
082 ## - DEWEY DECIMAL CLASSIFICATION NUMBER
Edition number 23
Classification number 891.553
Author mark and year FIU 1962
100 0# - MAIN ENTRY--PERSONAL NAME
Personal name فردوسى, Firdawsī.
Relator term مؤلف
9 (RLIN) 612
245 10 - TITLE STATEMENT
Title يوسف و زليخا : Yūsuf Zulaykhā /
Statement of responsibility, etc. :فردوسى. / Firdawsī.
264 #1 - PRODUCTION, PUBLICATION, DISTRIBUTION, MANUFACTURE, AND COPYRIGHT NOTICE
Place of production, publication, distribution, manufacture Kanpure :
Name of producer, publisher, distributor, manufacturer انتشارات آفرينش،
Date of production, publication, distribution, manufacture, or copyright notice 1962
300 ## - PHYSICAL DESCRIPTION
Pagination 123 صفحة :
Size 25 سم
650 ## - SUBJECT ADDED ENTRY--TOPICAL TERM
Topical term or geographic name as entry element Fersian Literature
9 (RLIN) 11827
942 ## - ADDED ENTRY ELEMENTS (KOHA)
Source of classification or shelving scheme Dewey Decimal Classification
Koha item type Books
Holdings
Lost status Source of classification or shelving scheme Damaged status Not for loan Collection code Permanent Location Current Location Shelving location Date acquired Total Checkouts Full call number Date last seen Copy number Koha item type
  Dewey Decimal Classification   Not For Loan Non-fiction Central Library, University of Rajshahi Central Library, University of Rajshahi Reading Room 20/02/2024   F 891.553 FIU 1962 20/02/2024 C-1 Books